00851 a2200157 45000010006000000050017000060080041000230030015000640400040000790800038001192450042001572640080001993000019002795050369002981000026006675421920260407155812.0260407a1965 arg spa dAR-UNSa-BCEJYS aAR-UNSa-BCEJYSbspacAR-UNSa-BCEJYS a336.74xMoneda. Sistema monetario10aMoneda y créditopimpacto y control 1aMéxico :bUnión Tipográfica Editorial Hispano-Americana (UTEHA)c1965 a203 p.c17 cm. a1. Introducción – 2. Naturaleza y evolución del dinero – 3. Desarrollo del dinero y la banca en Estados Unidos – 4. El banco comercial moderno – 5. Mercados de capital – 6. La oferta y la demanda monetaria y el nivel de los tipos de interés – 7. La política monetaria en la práctica – 8. El dinero y las metas de la política económica. 1 aDuesenberry, James S.